Finančný manažment zbierka príkladov

Saved in:
Bibliographic Details
Main Author: Kráľovič, Jozef
Corporate Author: Ekonomická univerzita v Bratislave. Fakulta podnikového manažmentu
Other Authors: Polednáková, Anna, 1957-, Sochor, Milan, Vlachynský, Karol
Format: Book
Language:Slovak
Published: Bratislava IURA EDITION 2003
Series:Ekonómia
Subjects:
Tags: Add Tag
No Tags, Be the first to tag this record!

MARC

LEADER 00000nam$a2200000$$$4500
001 0001590
005 20240502071345.4
020 |a 80-89047-78-5 
041 0 |a slo 
044 |a SK 
245 1 0 |a Finančný manažment  |b zbierka príkladov 
264 1 |a Bratislava  |b IURA EDITION  |c 2003 
300 |a 240 s. 
490 1 |a Ekonómia 
830 0 |a Ekonómia 
610 2 0 |a financie 
610 2 0 |a manažment finančný 
610 2 0 |a rozvoj podniku 
610 2 0 |a investície finančné 
610 2 0 |a štruktúra podniku finančná 
610 2 0 |a dividendy 
610 2 0 |a plánovanie podnikové 
610 2 0 |a manažment medzinárodný 
610 2 0 |a analýza finančná 
610 2 0 |a plánovanie finančné 
610 2 0 |a kapitál prevádzkový 
610 2 0 |a styk platobný 
610 2 0 |a fúzie 
100 1 |a Kráľovič, Jozef 
700 1 |a Polednáková, Anna, 1957- 
700 1 |a Sochor, Milan 
700 1 |a Vlachynský, Karol 
710 2 |a Ekonomická univerzita v Bratislave. Fakulta podnikového manažmentu